| 000 | 01042nam a22002297a 4500 | ||
|---|---|---|---|
| 999 |
_c2522 _d2522 |
||
| 003 | AR-CdUCM | ||
| 008 | 190304b ||||| |||| 00| 0 spa d | ||
| 020 | _a9508850132 | ||
| 040 |
_aMUNICIPALIDAD PROVINCIAL DEL CUSCO _cBIBLIOTECA MUNICIPAL DEL CUSCO |
||
| 082 |
_a347. 737 / _bH35 |
||
| 100 |
_aHegland, Henry F. _98946 |
||
| 245 | _aManual de prácticas y técnicas procesales / | ||
| 260 |
_aBuenos Aires : _bHeliasta, _c1995. |
||
| 300 |
_a254 páginas ; _c22.5 cm. |
||
| 505 | _aContenido: Técnicas generales -- Resolución de problemas jurídicos -- La argumentación legal -- Las técnicas que se manifiestan en el litigio -- Planeamiento del caso -- El interrogatorio -- Metas y ética de las preguntas -- Las técnicas de la repregunta --Técnicas para el trabajo en la oficina ... | ||
| 650 |
_aProcedimientos procesales _98947 |
||
| 650 |
_aTécnicas procesales _98948 |
||
| 650 |
_aEstudio jurídico - Consejos _98949 |
||
| 700 |
_aLeal, Aníbal (Traductor) _98950 |
||
| 942 |
_2ddc _cLIBROS |
||
| 945 |
_alccs _d2019-03-04 |
||